=LDR 00000nam 2200000 4500 =001 INLIS000000000040956 =005 20130612150518 =008 ***********************************ind** =035 ##$$0010-061300000040956 =041 ##$$a ind =082 ##$$a 813 =090 ##$$a 813, Jon r =100 ##$$a Jones, Linda Winstead =245 ##$$a Raintree 2 : Pengendali Badai =260 ##$$a 2008 $b JAkarta =300 ##$$a 336 hlm, 11 cm =850 ##$$a NBPNMAT